|
|
|
|
| LEADER |
00000nab a2200000 a 4500 |
| 001 |
vtls000769715 |
| 003 |
SK-MaSNL |
| 005 |
20260302153804.0 |
| 008 |
180205c2001 xo 0 slo |
| 015 |
|
|
|a SNBRB2001/10-28574
|
| 035 |
|
|
|a CLN000121502
|
| 040 |
|
|
|a SNKBUCL
|b slo
|c SNKBUCL
|e AACR2
|
| 041 |
0 |
|
|a slo
|
| 044 |
|
|
|a xo
|c SK
|
| 080 |
|
|
|a 631+663/664:061.43(100)
|2 UDC-MRF-SK2
|
| 080 |
|
|
|a 663/664+631:061.43(100)
|2 UDC-MRF-SK2
|
| 100 |
1 |
|
|a Nemec, Stanislav
|4 aut
|9 339695
|
| 245 |
1 |
0 |
|a Ľudia majú záujem o skutočnú kvalitu
|b medzinárodný poľnohospodársky a potravinársky veľtrh Agrokomplex v Nitre ...
|c Stanislav Nemec
|
| 300 |
|
|
|b Fotogr.
|
| 611 |
1 |
7 |
|a Agrokomplex
|d 2001
|c Nitra, Slovensko
|2 snkbucl
|9 842288
|
| 651 |
|
7 |
|a 403
|2 snkbucl
|9 287051
|
| 655 |
|
7 |
|a články z novín a časopisov
|2 snkbucl
|9 267496
|
| 773 |
0 |
|
|t Roľnícke noviny
|g Č. 165 (27.8.2001)
|
| 773 |
0 |
|
|t [Príl.] Agrárna samospráva
|g S. 2
|
| 850 |
|
|
|a Slovenská národná knižnica v Martine
|
| 852 |
|
|
|a SNK
|b KIS3GCP
|
| 958 |
|
|
|a RBX
|
| 999 |
|
|
|c 1366471
|d 1368401
|